| 000 | 00578nam a2200217Ia 4500 | ||
|---|---|---|---|
| 003 | OSt | ||
| 005 | 20220926042021.0 | ||
| 006 | a|||||r|||| 00| 0 | ||
| 007 | ta | ||
| 008 | 220923b |||||||| |||| 00| 0 eng d | ||
| 037 | _cGeneral Book | ||
| 040 |
_aRTL _cRTL _beng |
||
| 041 |
_2eng _aeng |
||
| 082 | _aX9.3.M, C5 | ||
| 100 |
_aSchmoller Gustav _9345742 |
||
| 245 | 0 | _aMercanlile system and its historical significance | |
| 260 | _c1895 | ||
| 650 | _aIndustrial Economics | ||
| 942 |
_hX9.3.M, C5 _cGB _2CC |
||
| 999 |
_c668680 _d668680 |
||